Nutrition & Diet Therapy / (Record no. 16338)
[ view plain ]
| 000 -LEADER | |
|---|---|
| fixed length control field | 01061nam a22002417a 4500 |
| 008 - FIXED-LENGTH DATA ELEMENTS--GENERAL INFORMATION | |
| fixed length control field | 111221s2011 nyu|||||r|||| 001 0deng d |
| 020 ## - INTERNATIONAL STANDARD BOOK NUMBER | |
| International Standard Book Number | 1435486293 |
| 020 ## - INTERNATIONAL STANDARD BOOK NUMBER | |
| International Standard Book Number | 9781435486294 |
| 082 ## - DEWEY DECIMAL CLASSIFICATION NUMBER | |
| Edition number | 22 |
| Classification number | 613.2 |
| Item number | ROT |
| 100 ## - MAIN ENTRY--PERSONAL NAME | |
| 9 (RLIN) | 28212 |
| Personal name | Roth, Ruth A. |
| 245 ## - TITLE STATEMENT | |
| Title | Nutrition & Diet Therapy / |
| Statement of responsibility, etc | Ruth A. Roth |
| 246 ## - VARYING FORM OF TITLE | |
| Title proper/short title | Nutrition and Diet Therapy |
| 250 ## - EDITION STATEMENT | |
| Edition statement | 10th ed. |
| 260 ## - PUBLICATION, DISTRIBUTION, ETC. (IMPRINT) | |
| Place of publication, distribution, etc | Clifton Park, NY : |
| Name of publisher, distributor, etc | Cengage Learning, 2011 |
| Date of publication, distribution, etc | 2011 |
| 300 ## - PHYSICAL DESCRIPTION | |
| Extent | 567 p. : |
| Other physical details | Col. ill. ; |
| Dimensions | 22 cm. |
| 504 ## - BIBLIOGRAPHY, ETC. NOTE | |
| Bibliography, etc | Includes bibliographical references (p. 557-560) and index |
| 650 ## - SUBJECT ADDED ENTRY--TOPICAL TERM | |
| 9 (RLIN) | 20992 |
| Topical term or geographic name as entry element | Diet therapy. |
| 650 ## - SUBJECT ADDED ENTRY--TOPICAL TERM | |
| 9 (RLIN) | 19370 |
| Topical term or geographic name as entry element | Nutrition. |
| 653 ## - INDEX TERM--UNCONTROLLED | |
| Resource For college | |
| Arrived date list | December2011 |
| 942 ## - ADDED ENTRY ELEMENTS (KOHA) | |
| Source of classification or shelving scheme | Dewey Decimal Classification |
| Item type | |
| Withdrawn status | Item status | Source of classification or shelving scheme | Damaged status | Not for loan | Vendor | Home library | Current library | Shelving location | Date acquired | Source of acquisition | Cost, normal purchase price | Serial Enumeration / chronology | Total Checkouts | Total Renewals | Full call number | Barcode | Checked out | Date last seen | Date last borrowed | Koha item type | Materials specified (bound volume or other part) |
|---|---|---|---|---|---|---|---|---|---|---|---|---|---|---|---|---|---|---|---|---|---|
| Dewey Decimal Classification | Osiris | Central Library | Central Library | First floor | 21/12/2011 | 636.00 | 11602 | 23 | 87 | 613.2 ROT | 000025864 | 10/01/2022 | 12/01/2019 | 12/01/2019 | Book - Borrowing | ||||||
| Lost | Dewey Decimal Classification | Osiris | Central Library | Central Library | First floor | 21/12/2011 | 636.00 | 11602 | 1 | 613.2 ROT | 000025863 | 18/03/2012 | 13/03/2012 | CD | DVD - With book | Lost In Inventory_2015-8-23 |